Statistics for The 35 Greatest British Rappers of All Time

Click here to take the quiz!

General Stats

  • This quiz has been taken 57 times
  • The average score is 6 of 35

Answer Stats

Artist% Correct
Stormzy
78%
Skepta
72%
JME
52%
Wiley
52%
Giggs
36%
Dizzee Rascal
34%
Kano
26%
Bugzy Malone
20%
Lethal Bizzle
20%
Devlin
18%
Tinie Tempah
18%
Chip
16%
Ghetts
16%
J Hus
16%
Professor Green
16%
Wretch 32
12%
Lady Leshurr
10%
Akala
8%
K Koke
8%
Little Simz
8%
Tinchy Stryder
8%
Lowkey
6%
Mike Skinner
4%
Ms Dynamite
4%
Rodney P
4%
Skinnyman
4%
Derek B
2%
Jehst
2%
Klashnekoff
2%
M.I.A.
2%
Roots Manuva
2%
Sway
2%
Blak Twang
0%
Stevie Hyper D
0%
Tricky
0%

Score Distribution

Percentile by Number Answered

Percent of People with Each Score

Your Score History

You have not taken this quiz